Exploration and mining geology
Shranjeno v:
| Glavni avtor: | |
|---|---|
| Format: | Knjiga |
| Jezik: | angleščina |
| Izdano: |
Nueva York
John Wiley and Sons
1987
|
| Izdaja: | 2a. ed |
| Teme: | |
| Oznake: |
Označite
Brez oznak, prvi označite!
|
MARC
| LEADER | 00000cam a2200000 a 4500 | ||
|---|---|---|---|
| 001 | UCF5662 | ||
| 003 | CL-VaPUC | ||
| 008 | 130322e19870000US |||||||||||||||||eng|d | ||
| 020 | |a 0471838640 | ||
| 082 | 0 | 4 | |a 622.1 |b PET |2 21 |
| 100 | 0 | |a Peters, William C |e author |9 567628 | |
| 245 | 1 | 0 | |a Exploration and mining geology |
| 250 | |a 2a. ed | ||
| 300 | |a 685 p | ||
| 942 | |c BK | ||
| 945 | |d 20130322 00:00:00 |a cmena | ||
| 260 | |a Nueva York |b John Wiley and Sons |c 1987 | ||
| 650 | 7 | |a GEOLOGIA MINERA |2 CL-VaPUC |9 366873 | |
| 650 | 7 | |a EXPLORACION MINERA |2 CL-VaPUC |9 567629 | |
| 650 | 7 | |a EXPLORACION GEOLOGICA |2 CL-VaPUC |9 362394 | |
| 583 | |a last modification |c 20130322 12:27:00 |k Rodrigo Vera | ||
| 999 | |c 351120 |d 351118 | ||
| 952 | |0 0 |1 0 |4 0 |6 622_100000000000000_PET_1987 |7 0 |8 A |9 455053 |a BIBING |b BIBING |d 2019-11-22 |i 4954572 |l 2 |o 622.1 PET 1987 |p 4954572 |r 2025-01-20 |s 2022-06-22 |w 2019-11-22 |y BK |k EIQ | ||